Marvel Cinematic Universe: Cancelled Movies - Statistics

General Stats
  • This quiz has been taken 54 times
  • The average score is 4 of 19
Answer Stats
Last mentioned in What happened Film % Correct
2024 Retitled and script rewritten Avengers: The Kang Dynasty
60%
2011 Turned into a TV show Inhumans
56%
2014 Main actor was deemed "to old" for a solo movie and was meant to be replaced by another actor, which never happened Iron Man 4
38%
2023 Parts of the film put into a TV show and a movie The Incredible Hulk 2
38%
2010 Turned into a TV show Iron Fist
27%
2010 Turned into a TV show Luke Cage
27%
2016 Instead of being a solo movie, the titular character was an antagonist in another Namor the Sub-Mariner
24%
2010 Turned into a TV show Runaways
24%
2020 Replaced by a holiday special Drax and Mantis Film
18%
2011 Characters being killed off in one of the movies made the film impossible to make Warriors Three
16%
2020 Due to The Walt Disney Company's acquisition of 21st Century Fox movie was put "on hold" and then scrapped Doctor Doom
13%
2021 Auditions in 2018 but finally scrapped Captain Britain/Captain Britain and the Black Knight
11%
2021 "Something got in the way of his (director's) previous attempt to develop the film" Silver Surfer
11%
2023 Script written into an existing movie scheduled to release in 2023 Rocket and Groot Film
9%
2009 Scrapped Cable
7%
2010 Scrapped Dazzler
7%
2018 Film being initially scrapped but studio is still interested in making it "someday" Power Pack
7%
2010 Scrapped Ka-Zar
4%
2009 Scrapped Nighthawk
4%
No matching quizzes found
Score Distribution
Percent of People with Each Score
Percentile by Number Answered
Your Score History
You have not taken this quiz